| 000 | 01239naa a22003137a 4500 | ||
|---|---|---|---|
| 001 | BR8900636 | ||
| 003 | BR-BrBNA | ||
| 005 | 20240918180420.0 | ||
| 007 | ta | ||
| 008 | 230509b bl.||||| |||| 00| 0 por d | ||
| 040 |
_aBR-BrBNA _bpor _cBiblioteca Nacional de Agricultura |
||
| 041 | _a(Pt) | ||
| 072 |
_aF01 _b1123 _bG514 |
||
| 090 | _aF01 BR8900636 | ||
| 100 | 1 | _aAraujo Filho, G.C. de | |
| 100 | 1 | _aLopes, J.G.V. | |
| 100 | 1 | _aCosta, J.T.A. | |
| 111 | 1 |
_aSeminario de Tecnologia Agropecuaria Inovadora para o Nordeste _cFortaleza, CE (Brazil) _d7-11 Apr 1986 |
|
| 245 | 1 | _aEfeito do espacamento e do numero de fios de arame na producao do maracuja amarelo (Passiflora edulis f. flavicarpa. Deg.)na Serra da Ibiapaba, Ceara | |
| 260 | 3 |
_aFortaleza, CE (Brasil): _c1986. |
|
| 500 | _aAnais do Seminario de Tecnologia Agropecuaria Inovadora para o Nordeste Fortaleza, CE (Brasil): 1986. p. 235-238 (BR8900636-AM)F01 | ||
| 650 | _aMARACUJA | ||
| 650 | _aESPACAMENTO | ||
| 650 | _aRENDIMENTO | ||
| 650 | _aCEARA | ||
| 773 | 0 |
_tAnais do Seminario de Tecnologia Agropecuaria Inovadora para o Nordeste _wF01 BR8900636 _gFortaleza, CE (Brasil), 1986. p. 235-238 |
|
| 909 |
_a202404 _bLucia _c55 _dLucia Elande |
||
| 942 |
_cAM _2AGRIS |
||
| 999 |
_c320273 _d320273 |
||